GDPR: už je najvyšší čas
Celoeurópske nariadenie uplatniteľné vo všetkých štátoch Európskej únie - GDPR (General Data Protection Regulation). GDPR zahŕňa akékoľvek údaje, ktoré vedú k identifikovaniu osobných dát jednotlivcov. Firmy a organizácie zhromažďujúce osobné údaje budú musieť preukázať jasný a potvrdzujúci súhlas p...
Gespeichert in:
| 1. Verfasser: | |
|---|---|
| Format: | Buchkapitel |
| Sprache: | Slowakisch |
| Schlagworte: | |
| Tags: |
Keine Tags, Fügen Sie das erste Tag hinzu!
|
MARC
| LEADER | 00000naa a2200000 4500 | ||
|---|---|---|---|
| 001 | 0247186 | ||
| 005 | 20180830105033.7 | ||
| 041 | 0 | |a slo | |
| 044 | |a CZ | ||
| 245 | 1 | 0 | |a GDPR: už je najvyšší čas |c Jozef Brezovský |
| 520 | |a Celoeurópske nariadenie uplatniteľné vo všetkých štátoch Európskej únie - GDPR (General Data Protection Regulation). GDPR zahŕňa akékoľvek údaje, ktoré vedú k identifikovaniu osobných dát jednotlivcov. Firmy a organizácie zhromažďujúce osobné údaje budú musieť preukázať jasný a potvrdzujúci súhlas pre spracovanie týchto dát. GDPR vyžaduje i menovanie inšpektora ochrany údajov. Slovensko pripravuje ďalší zákon o ochrane osobných údajov. | ||
| 610 | 2 | 0 | |a ochrana údajov osobných |
| 610 | 2 | 0 | |a legislatíva |
| 610 | 2 | 0 | |a ochrana právna |
| 610 | 2 | 0 | |a zamestnávatelia |
| 610 | 2 | 0 | |a zamestnanci |
| 610 | 2 | 0 | |a Európska únia |
| 610 | 2 | 0 | |a Slovensko |
| 100 | 1 | |a Brezovský, Jozef | |